00652 a2200169 4500003000500000005001700005040000900022082001000031100002600041245014900067260003600216300001400252505016000266538003100426650001400457651001100471Nust20170207153157.0 cNust a005.8 aBaber ,Aslam (MSIS-3) aAnalyzing ieee 802.11 wireless lan for identity vulnerabilities and finding soluation to dos attacks based on these vulnerabilitiescBaber Aslam a RwpbMCS (NUST)cDecomber,2006 axi,66,p.; aIntroduction (page-1) Literature review (page-4) Analysis of 802.11 for identity vulnerabilities (page-23) Proposed solution (page-34) Conclusion (page-52) a Almirah No.70 Shelf No.4 aPG Thesis aMSIS-3